• 首页
  • 本馆介绍
  • 公告通知
  • 最新文献
  • 馆藏检索
  • 电子资源
  • 读者导购
  • 参考咨询
  • 我的图书馆
  • 登录
  • 详细信息显示
  • 放入我的书架
  • 预约/预借图书
  • 作者相关作品
  • 分类相关作品
  • 丛书相关作品
  • 出版社相关作品

书目信息

  • 表格格式
  • 工作单格式
  • 卡片格式
题名:
中华人民共和国合同法一本通
    
 
作者: ;法规应用研究中心 编
分册:  
出版信息: 北京   中国法制出版社  2014
页数: 18,399页
开本: 21cm
丛书名: 法律一本通
单 册:
中图分类: D923.64
科图分类:
主题词: 合同法--基本知识--中国 , 合同法
电子资源:
ISBN: 978-7-5093-5003-4
000 01052oam2 2200301 450
001 519
005 20140908085146.14
010    @a978-7-5093-5003-4@dCNY35.00
100    @a20140310d2014 em y0chiy50 ea
101 0  @achi
102    @aCN@b110000
105    @ay zn 001yy
106    @ar
200 1  @a中华人民共和国合同法一本通@AZhong Hua Ren Min Gong He Guo He Tong Fa Yi Ben Tong@f法规应用研究中心编@FFa Gui Ying Yong Yan Jiu Zhong Xin Bian
205    @a4版
210    @a北京@c中国法制出版社@d2014
215    @a18,399页@d21cm
225 2  @a法律一本通@v4
312    @a版权页题:合同法一本通
330    @a本书以合同法的条文为序号,逐条穿插关联的现行有效的法律、行政法规、部门规章、司法解释、请示答复和部分地方规范性文件。
461  0 @12001 @a法律一本通
517 1  @a合同法一本通@AHe Tong Fa Yi Ben Tong
606 0  @a合同法@x基本知识@y中国
606 0  @a合同法
690    @aD923.64@v5
711 02 @a法规应用研究中心@AFa Gui Ying Yong Yan Jiu Zhong Xin@4编
801  0 @aCN@bTANGWEI@c20140603
905    @b0838984-86@dD923.64@e1207=4@f3
    
    中华人民共和国合同法一本通/法规应用研究中心编.-4版.-北京:中国法制出版社,2014
    18,399页;21cm.-(法律一本通;4)
    
    
    ISBN 978-7-5093-5003-4:CNY35.00
    本书以合同法的条文为序号,逐条穿插关联的现行有效的法律、行政法规、部门规章、司法解释、请示答复和部分地方规范性文件。
●
相关链接 在E读中查询图书 在五车中查询图书 在当当中查询图书 在豆瓣中查询图书


正题名:中华人民共和国合同法一本通     索取号:D923.64/1207=4         预约/预借

序号 登录号 条形码 馆藏地/架位号 状态 备注
1 0838984   208389849   第一样本阅览室/ [索取号:D923.64/1207=4] 在馆    
2 0838985   208389858   密集书库-史法系/ [索取号:D923.64/1207=4] 在馆    
3 0838986   208389867   第一借阅区/ [索取号:D923.64/1207=4] 在馆    
唐山师范学院图书馆 欢迎您!
大连网信软件有限公司© 版权所有